Word Chain : Countries - Statistics

General Stats
  • This quiz has been taken 59 times
  • The average score is 9 of 15
Answer Stats
Hint Answer % Correct
Had a name change from Swaziland in 2018 Eswatini
93%
Is the smallest South American country Suriname
80%
This country was formerly known as Ellice Island Tuvalu
76%
The world's oldest amusement park Bakken is in this country Denmark
69%
Halloween originated from this country Ireland
67%
The name of this country means 'river of painted birds' Uruguay
67%
Mocha derives its names from the 'Mokha' port of this country Yemen
64%
This country's currency is the highest-valued currency unit per face value in the world Kuwait
62%
Home to the Xiangkhoang Plateau which has thousands of stone ‘jars’ strewn across the landscape Laos
62%
This country is often referred to as the Land of Fire Azerbaijan
58%
The oldest, continually operating company in the world is in this country Japan
56%
Is considered to be the homeland of Apricots Armenia
47%
Houses the second biggest underground glacier in Europe Romania
47%
Home to four UNESCO World Heritage Sites, one of which is Lumbini Nepal
44%
A 30-foot-long plant-eating dinosaur is named after this country Niger
38%
No matching quizzes found
Score Distribution
Percent of People with Each Score
Percentile by Number Answered
Your Score History
You have not taken this quiz